| 000 | 01124nam a2200265 a 4500 | ||
|---|---|---|---|
| 003 | BD-DhJNU | ||
| 005 | 20251112090929.0 | ||
| 008 | 190628s2017 bg ab b 001 0 eng | ||
| 020 | _a9789843448651 | ||
| 040 |
_aBD-DhJNU _bENG _cBD-DhJNU _dBD-DhJNU |
||
| 082 | 0 | 0 |
_a954.9203 SIA _223 |
| 100 | 1 |
_aSiddiq, Mohammad Yusuf, _eauthor. |
|
| 245 | 1 | 0 |
_aArabic and Persian inscriptions of Bengal : _bwith 607 plates / _cMohammad Yusuf Siddiq ; general editor, Enamul Haque. |
| 264 | 1 |
_aDhaka, Bangladesh : _bThe International Centre for Study of Bengal Art, _c2017. |
|
| 300 |
_a800 pages : _billustrations (black and white, and color), maps (black and white) ; _c29 cm. |
||
| 490 | 0 |
_aStudies in Bengal art series ; _vno. 13 |
|
| 504 | _aIncludes bibliographical references (pages 769-782) and index. | ||
| 546 | _aIncludes passages in Arabic and Persian. | ||
| 650 | 0 |
_aIslamic inscriptions _zIndia _zBengal. |
|
| 650 | 0 |
_aIslamic inscriptions _zBangladesh. |
|
| 651 | 0 |
_aBangladesh _xHistory. |
|
| 700 | 1 |
_aHaque, Enamul, _d1936- _eeditor. |
|
| 710 | 2 |
_aInternational Centre for Study of Bengal Art, _epublisher. |
|
| 942 | _cBK | ||
| 999 |
_c2362 _d2362 |
||